Psychology / (Record no. 1994)

MARC details
000 -LEADER
fixed length control field 00988cam a2200277 a 4500
001 - CONTROL NUMBER
control field 11818332
003 - CONTROL NUMBER IDENTIFIER
control field OSt
005 - DATE AND TIME OF LATEST TRANSACTION
control field 20150605183708.0
008 - FIXED-LENGTH DATA ELEMENTS--GENERAL INFORMATION
fixed length control field 991025s2000 njua b 001 0 eng
010 ## - LIBRARY OF CONGRESS CONTROL NUMBER
LC control number 99056220
020 ## - INTERNATIONAL STANDARD BOOK NUMBER
International Standard Book Number 0321049314
040 ## - CATALOGING SOURCE
Original cataloging agency DLC
Transcribing agency DLC
Modifying agency DLC
050 00 - LIBRARY OF CONGRESS CALL NUMBER
Classification number BF121
Item number .W27 2000
082 0# - DEWEY DECIMAL CLASSIFICATION NUMBER
Classification number 150 WAD 1999
Edition number 21
100 1# - MAIN ENTRY--PERSONAL NAME
Personal name Wade, Carole.
9 (RLIN) 5200
245 10 - TITLE STATEMENT
Title Psychology /
Statement of responsibility, etc. Carole Wade, Carol Tavris.
250 ## - EDITION STATEMENT
Edition statement 6th ed.
260 ## - PUBLICATION, DISTRIBUTION, ETC. (IMPRINT)
Place of publication, distribution, etc. Upper Saddle River, NJ :
Name of publisher, distributor, etc. Prentice Hall,
Date of publication, distribution, etc. c2000.
300 ## - PHYSICAL DESCRIPTION
Extent xxxii, 654, [96] p. :
Other physical details ill. (some col.) ;
Dimensions 28 cm.
504 ## - BIBLIOGRAPHY, ETC. NOTE
Bibliography, etc Includes bibliographical references and indexes.
650 #0 - SUBJECT ADDED ENTRY--TOPICAL TERM
Topical term or geographic name as entry element Psychology
Form subdivision Textbooks.
9 (RLIN) 5170
700 1# - ADDED ENTRY--PERSONAL NAME
Personal name Tavris, Carol.
9 (RLIN) 5201
906 ## - LOCAL DATA ELEMENT F, LDF (RLIN)
a 7
b cbc
c orignew
d 1
e ocip
f 19
g y-gencatlg
942 ## - ADDED ENTRY ELEMENTS (KOHA)
Source of classification or shelving scheme Other/Generic Classification Scheme
Koha item type Short Loan
Holdings
Withdrawn status Lost status Source of classification or shelving scheme Damaged status Not for loan Home library Current library Date acquired Source of acquisition Inventory number Total Checkouts Full call number Barcode Date last seen Price effective from Koha item type
    Dewey Decimal Classification     MUST Main Library MUST Main Library 05/06/2015 Purchase 2001/16056   150 WAD 1999 2015-1786 05/06/2015 05/06/2015 Short Loan
    Dewey Decimal Classification     MUST Main Library MUST Main Library 05/06/2015 Purchase 2001/16057   150 WAD 1999 2015-1787 05/06/2015 05/06/2015 Short Loan
    Dewey Decimal Classification     MUST Main Library MUST Main Library 24/02/2020 purchase 2000/14545   150 WAD 1999 2020-0554 24/02/2020 24/02/2020 Open Shelf